000
00283nam a22001337a 4500
020
_a
0-439-49307-2
082
_a
823
_b
DAN/A
100
_a
DANZIGER, PAULA
245
_a
AMBER BROWN
260
_a
NEW YORK
_b
SCHOLASTIC
300
_a
440
650
_a
NOVEL
_z
UNITED STATES
942
_c
BK
999
_c
3007
_d
3007